Žarnovica

Zobrazenie: pohľad z vyvýšeniny ponad strechy domov na mesto na úpätí hôr, uprostred kostolná veža

Bibliographic Details
Format: Photo
Language:Slovak
PhysicalDescription:1 pohľadnica čiernobiela 9 x 14 cm
Published: Martin Bratislava Osveta PŠK 1958
Subjects:

MARC

LEADER 00000nkm a2200000 a 4500
001 vtls011622152
003 SK-MaSNL
005 20260301141624.0
007 kf bo
008 231206s1958 xo g kuslo
015 |a SNBG 
040 |a SNK  |b slo  |c SNK  |e AACR2 
041 0 |a slo 
043 |a e-xo--- 
044 |a xo  |c SK 
080 |a 711.435  |2 2011 
080 |a (084.121)  |2 2011 
080 |a 913(437.6)  |2 2011 
245 0 0 |a Žarnovica  |h grafika 
260 |a Martin  |b Osveta  |a Bratislava  |b PŠK  |c 1958 
300 |a 1 pohľadnica  |b čiernobiela  |c 9 x 14 cm 
520 8 |a Zobrazenie: pohľad z vyvýšeniny ponad strechy domov na mesto na úpätí hôr, uprostred kostolná veža 
651 7 |a Žarnovica (Slovensko)  |2 SNKPH  |9 40693 
655 7 |a miestne pohľadnice  |2 SNKPH  |9 70510 
958 |a GC 
958 |a GBN 
999 |c 767751  |d 769681 
952 |a SNK  |b SNK  |y PREZ  |7 0  |p 17A1220815  |o snkSP 26046  |0 0  |1 0  |4 0  |d 2017-04-05  |f 1  |l 0  |r 2026-02-24 00:24:49  |w 2026-02-24